Dasar Agromakanan Negara 2011 - 2020 / (Record no. 1998)

000 -LEADER
fixed length control field nam a22 a 4500
003 - CONTROL NUMBER IDENTIFIER
control field AKMAL
005 - DATE AND TIME OF LATEST TRANSACTION
control field 20170512161551.0
008 - FIXED-LENGTH DATA ELEMENTS--GENERAL INFORMATION
fixed length control field 170512s2011 my a e | f000 0 may d
020 ## - INTERNATIONAL STANDARD BOOK NUMBER
International Standard Book Number 9789839863390 (kkt.) :
Terms of availability RM70.00
040 ## - CATALOGING SOURCE
Original cataloging agency AKMAL
082 04 - DEWEY DECIMAL CLASSIFICATION NUMBER
Classification number 354.509595 KPIAT
090 00 - LOCALLY ASSIGNED LC-TYPE CALL NUMBER (OCLC); LOCAL CALL NUMBER (RLIN)
Classification number (OCLC) (R) ; Classification number, CALL (RLIN) (NR) 354.509595
Local cutter number (OCLC) ; Book number/undivided call number, CALL (RLIN) KPIAT
245 00 - TITLE STATEMENT
Title Dasar Agromakanan Negara 2011 - 2020 /
Statement of responsibility, etc. Kementerian Pertanian dan Industri Asas Tani
260 ## - PUBLICATION, DISTRIBUTION, ETC.
Place of publication, distribution, etc. Putrajaya :
Name of publisher, distributor, etc. Kementerian Pertanian dan Industri Asas Tani Malaysia,
Date of publication, distribution, etc. 2011
300 ## - PHYSICAL DESCRIPTION
Extent xvii, 118ms. :
Other physical details il. wrn. ;
Dimensions 28cm.
650 10 - SUBJECT ADDED ENTRY--TOPICAL TERM
Topical term or geographic name entry element Agriculture and state
Geographic subdivision Malaysia
9 (RLIN) 3742
650 20 - SUBJECT ADDED ENTRY--TOPICAL TERM
Topical term or geographic name entry element Food industry and trade
Geographic subdivision Malaysia
9 (RLIN) 4143
650 20 - SUBJECT ADDED ENTRY--TOPICAL TERM
Topical term or geographic name entry element Agriculture
Geographic subdivision Malaysia
9 (RLIN) 4144
710 1# - ADDED ENTRY--CORPORATE NAME
Corporate name or jurisdiction name as entry element Malaysia.
Subordinate unit Kementerian Pertanian dan Industri Asas Tani
9 (RLIN) 4145
942 ## - ADDED ENTRY ELEMENTS (KOHA)
Source of classification or shelving scheme
Koha item type Book
Holdings
Withdrawn status Lost status Source of classification or shelving scheme Damaged status Not for loan Collection code Home library Current library Shelving location Date acquired Inventory number Total Checkouts Full call number Barcode Date last seen Price effective from Koha item type
          NON-FICTION AKMAL Melaka AKMAL Melaka PINJAMAN 12.05.2017 306290   354.509595 KPIAT 201706105 12.05.2017 12.05.2017 Book
          NON-FICTION AKMAL Melaka AKMAL Melaka PINJAMAN 12.05.2017 306289   354.509595 KPIAT 201706107 12.05.2017 12.05.2017 Book
Pusat Sumber Maklumat Dato' Haji Sarmin Md Hussin, Akademi Kastam Diraja Malaysia, Melaka
Tel: 06-2331106 | Faks: 06-2313787